Measuring employment in the tourism industries : guide with best practices

Αποθηκεύτηκε σε:
Λεπτομέρειες βιβλιογραφικής εγγραφής
Συλλογικό Έργο: World Tourism Organization (WTO), International Labour Organisation
Μορφή: Βιβλίο
Γλώσσα:English
Δημοσίευση: Spain : World Tourism Organization, c2014.
Θέματα:
Ετικέτες: Προσθήκη ετικέτας
Δεν υπάρχουν, Καταχωρήστε ετικέτα πρώτοι!

MARC

LEADER 00000cam a2200000 a 4500
001 1/108377
008 150903t2014####sp | ||| |||| ||eng||
020 |a 9789284416141   |q (χαρτόδετο)  
040 |a GR-MyUa  |b gre  |c GR-MyUa  |e AACR2 
041 0 |a eng 
082 7 |a 338.4791023   |2 (23)  
110 2 |a World Tourism Organization (WTO) 
245 0 0 |a Measuring employment in the tourism industries :   |b guide with best practices /   |c World Tourism Organization and International Labour Organization.  
260 |a Spain :   |b World Tourism Organization,   |c c2014.  
300 |a 190 σ. :   |b διαγρ., πίν. ;   |c 29 εκ.  
504 |a Βιβλιογραφία: σ. 185-190.  
650 0 |a Tourism  |x Employees. 
650 0 |a Work measurement. 
710 2 |a International Labour Organisation. 
852 |a INST  |b CHIOS  |e 20150904  |h 338.4791023 WOR  |p 005200037542  |q 005200037542  |t BK  |y 0 
970 |a Σπέντζα  |b Ελένη  |z 03-09-2015